000 00922nam a22003137a 4500
001 0050300
003 KOHA_MİRAKIL
005 20260207003723.0
007 ta
008 150629b2014 tu |||gr||||#||||0|tur |
020 _a9786055007256
040 _aTR-BiSEU
_btur
_cTR-BiSEU
_erda
041 0 _atur
044 _ctu
050 _aT39
_b.A37 2014
100 1 _aAksoy, Yeliz.
245 1 _aTarihe yön veren mucitler ve buluşları/
_cYeliz Aksoy ; Vuslat Uyanık, Yeliz Aksoy; editör Yavuz Selim Erdoğan.
264 1 _aİstanbul :
_bİconinn
_c2014
300 _a192 sayfa; 24 cm.
336 _ametin
_btxt
_2rdacontent
337 _aaracısız
_bn
_2rdamedia
338 _acilt
_bnc
_2rdacarrier
500 _aKaynakça var.
650 0 _aInventors.
_992039
650 0 _aMucitler.
_992888
650 0 _aExploring the world.
_977809
650 0 _aDünyayı keşfediyorum.
_992889
942 _2lcc
_cBK
999 _c50135
_d50135